TB OF COMMUNITY MEDICINE PREVENTIVE & SOCIAL MEDICINE (Record no. 535)
[ view plain ]
| 000 -LEADER | |
|---|---|
| fixed length control field | 00379nam a2200145Ia 4500 |
| 008 - FIXED-LENGTH DATA ELEMENTS--GENERAL INFORMATION | |
| fixed length control field | 150201s2010 xx 000 0 und d |
| 082 ## - DEWEY DECIMAL CLASSIFICATION NUMBER | |
| Classification number | 614.44 |
| Item number | C10L |
| 100 ## - MAIN ENTRY--PERSONAL NAME | |
| Personal name | LAL,SUNDER |
| 245 ## - TITLE STATEMENT | |
| Title | TB OF COMMUNITY MEDICINE PREVENTIVE & SOCIAL MEDICINE |
| 250 ## - EDITION STATEMENT | |
| Edition statement | 2ND |
| 260 ## - PUBLICATION, DISTRIBUTION, ETC. (IMPRINT) | |
| Name of publisher, distributor, etc. | JAYPEE BROTHERS |
| Place of publication, distribution, etc. | DELHI |
| Date of publication, distribution, etc. | 2010 |
| 300 ## - PHYSICAL DESCRIPTION | |
| Extent | 1-766 |
| 650 ## - SUBJECT ADDED ENTRY--TOPICAL TERM | |
| Topical term or geographic name as entry element | COMMUNITY MEDICINE |
| 942 ## - ADDED ENTRY ELEMENTS (KOHA) | |
| Source of classification or shelving scheme | Dewey Decimal Classification |
| Koha item type | Books |
| Koha issues (borrowed), all copies | 2 |
| Withdrawn status | Lost status | Source of classification or shelving scheme | Damaged status | Not for loan | Collection code | Home library | Current library | Shelving location | Date acquired | Source of acquisition | Cost, normal purchase price | Serial Enumeration / chronology | SGTU | Bill Number | Total Checkouts | Full call number | Barcode | Date last seen | Date last checked out | Bill Date | Koha item type |
|---|---|---|---|---|---|---|---|---|---|---|---|---|---|---|---|---|---|---|---|---|---|
| Dewey Decimal Classification | MEDICAL | SGT Medical Library | SGT Medical Library | Text Book | 25/02/2010 | U.B.S. DELHI | 595.00 | I | SGTU | 983 | 2 | 614.44 C10L | FM2462 | 04/05/2023 | 03/05/2023 | 05/04/2011 | Books | ||||
| Dewey Decimal Classification | MEDICAL | SGT Medical Library | SGT Medical Library | Text Book | 25/02/2010 | U.B.S. DELHI | 595.00 | I | SGTU | 984 | 614.44 C10L | FM2463 | 09/02/2015 | 05/04/2011 | Books | ||||||
| Dewey Decimal Classification | MEDICAL | SGT Medical Library | SGT Medical Library | Text Book | 25/02/2010 | U.B.S. DELHI | 595.00 | I | SGTU | 985 | 1 | 614.44 C10L | FM2464 | 18/07/2019 | 17/07/2019 | 05/04/2011 | Books | ||||
| Dewey Decimal Classification | MEDICAL | SGT Medical Library | SGT Medical Library | Text Book | 25/02/2010 | U.B.S. DELHI | 595.00 | I | SGTU | 986 | 1 | 614.44 C10L | FM2465 | 25/02/2021 | 24/02/2021 | 05/04/2011 | Books | ||||
| Dewey Decimal Classification | MEDICAL | SGT Medical Library | SGT Medical Library | Text Book | 25/02/2010 | U.B.S. DELHI | 595.00 | I | SGTU | 987 | 4 | 614.44 C10L | FM2466 | 24/08/2024 | 24/08/2024 | 05/04/2011 | Books |